000 00792nam a2200229 a 4500
005 20240203063627.0
008 060315s2001 mx r 000 0 spa d
020 _a9501242366
035 _aUPN01000143238
049 _aCG
050 4 _aHQ801
_bV4.2
100 1 _aVerhaeghe, Paul
245 1 3 _aEl amor en los tiempos de la soledad :
_btres ensayos sobre el deseo y la pulsión /
_cPaul Verhaeghe ; tr. Virginia Gallo.
260 _aBuenos Aires :
_bPaidós,
_c2001.
300 _a219 p.
440 0 _aPaidós psicología profunda ;
_v236
534 _pTítulo original:
_tL´amour au temps de la solitude : trois essais sur le désir et la pulsion
650 0 _aRelación hombre-mujer
_91566
650 4 _aRol sexual
_95307
650 4 _aDiferencias sexuales
_914100
905 _aLibro
999 _c115385
_d115385